Normal view
MARC view
Entry Corporate Name
001 - CONTROL NUMBER
- control field: 1428
003 - CONTROL NUMBER IDENTIFIER
- control field: OSt
005 - DATE AND TIME OF LATEST TRANSACTION
- control field: 20260601155918.0
008 - FIXED-LENGTH DATA ELEMENTS
- fixed length control field: 260601|| aca||aabn | a|a d
040 ## - CATALOGING SOURCE
- Original cataloging agency: OSt
- Transcribing agency: OSt
110 ## - HEADING--CORPORATE NAME
- Corporate name or jurisdiction name as entry element: Yoga Publication Trust
670 ## - SOURCE DATA FOUND
- Source citation: Work cat.: (OSt)13101: Yoga Publication Trust Publisher, Siddha Prarthana : Garland of Sacred Songs and Prayers, 2013;